Studies in Japanese culture

Saved in:
Bibliographic Details
Format: Book
Language:Undetermined
Published: Tokyo Sophia University 1963
Tags: Add Tag
No Tags, Be the first to tag this record!
Institutions: Trung tâm Học liệu Trường Đại học Cần Thơ
LEADER 00416nam a2200157Ia 4500
001 CTU_112096
008 210402s9999 xx 000 0 und d
082 |a 915.2 
082 |b S933 
245 0 |a Studies in Japanese culture 
245 0 |c Edited by Joseph Roggendorf 
260 |a Tokyo 
260 |b Sophia University 
260 |c 1963 
904 |i M.Loan 
980 |a Trung tâm Học liệu Trường Đại học Cần Thơ